000 00904nas a2200325 4500
001 BR2011001388
003 BR-BrBNA
005 20231205114510.0
007 ta
008 230509b bl.|||p| |||| 00| 00por d
040 _aBR-BrBNA
_bpor
_cBiblioteca Nacional de Agricultura
041 _a(Pt)
072 _aP33; T01
100 1 _aOliveira, T.M.M.
100 1 _aSalviano, A.M.
100 1 _aMoraes, M.J.A. de
100 1 _aDuda, G.P.
245 1 _aDisponibilidade de cádmio em diferentes solos do Rio Grande do Norte
650 _aMILHO
650 _aSOLO
650 _aPH
650 _aANÁLISE QUÍMICA
650 _aANÁLISE FÍSICA
650 _aMETAL PESADO
650 _aCÁDMIO
650 _aPOLUIÇÃO
773 0 _tRevista Caatinga (Brazil)
_xISSN 0100-316X
_g(2008), v. 21(5) p. 57-63
_wBR2011001388
909 _a202311
_bLúcia
_c55
_dLúcia Elande
942 _2AGRIS
_n0
_cANA
999 _c209053
_d209053